Elementos de lingüística general /

Đã lưu trong:
Chi tiết về thư mục
Tác giả chính: Martinet, André (autor)
Định dạng: Sách
Ngôn ngữ:Tiếng Tây Ban Nha
Được phát hành: Madrid, España : Gredos, 1970, c1970
Phiên bản:2a edición
Loạt:(Biblioteca Románica Hispánica. Manuales ; 13)
Những chủ đề:
Các nhãn: Thêm thẻ
Không có thẻ, Là người đầu tiên thẻ bản ghi này!

MARC

LEADER 00000nam^a2200000^a^4500
001 000113976
005 20250521000000.0
009 20260310094003.73
037 |a Acervo ITESO - Biblioteca 
041 |a ESP 
082 |a 410.  |b MAR 
100 |a Martinet, André  |e (autor) 
245 1 0 |a Elementos de lingüística general /  |c A. Martinet ; tr. por Julio Calonge Ruiz. 
250 |a 2a edición  |b revisada 
264 4 |a Madrid, España :  |b Gredos,  |c 1970, c1970 
300 |a 274 p. 
336 |a texto  |b txt  |2 rdacontenido 
337 |a sin mediación  |b n  |2 rdamedio 
338 |a volumen  |b nc  |2 rdasoporte 
440 1 |a (Biblioteca Románica Hispánica.  |p Manuales ;  |v 13) 
500 |a Traducción de: Eléments de linguistique générale 
649 |a XX 
650 |a Lingüística 
910 |a Fondo Armando Suárez Gómez 
920 |a Impresos - Libros 
930 |a Fondos Especiales 
905 |a 111 
901 |a 0700004633  |b IT2  |c ESP  |u 20250521 
901 |a 0700004632  |b IT2  |c ESP  |u 20250521 
902 |a https://opac.biblio.iteso.mx/vufind/Record/000113976